000 00334nam a2200145Ia 4500
008 191201s2009 xx 000 0 und d
082 _a005.1
_bSOS
100 _aSOMMERVILLE, Ian
245 0 _aSoftware Engineering
250 _aimp.
260 _aN.Delhi
_bPearson
_c2009
300 _a864
650 _aB.Tech(IT)
942 _2ddc
_cBK
999 _c3837
_d3837